000 01056nam a22001697a 4500
003 JO-AjAnu
005 20240708141332.0
008 231211b jo ||||| |||| 00| 0 ara d
040 _bARA
_cJO-AjAnu
_dANU
100 _a أبو الهيجاء، محمد ابراهيم
_945176
_eمؤلف
245 _aعقود التجارة الإلكترونية : العقد الالكتروني.إثبات العقد الالكتروني.حماية المستهلكين.وسائل الدفع الالكترونية.المنازعات العقدية وغير العقدية.الحكومة الالكترونية.القانون الواجب التطبيق وفق آخر التعديلات في ضوء قانون المعاملات الالكترونية لسنة 2015 /
_cمحمد إبراهيم ابو الهيجاء
260 _aعمان :
_bدار الثقافة للنشر والتوزيع،
_c2022
300 _a280 صفحه
500 _aهذا الكتاب محكم علميا
650 _vالعقد الالكتروني-التجارة
942 _2lcc
_cBK
_n0
999 _c33293
_d33293